[Event "Alpenpokal op 28th"]
[Site "Oberstdorf"]
[Date "2002.??.??"]
[Round "3"]
[White "Aufmwasser, Guenter"]
[Black "Czech, Gerhard"]
[Result "1/2-1/2"]
[WhiteElo "1616"]
[BlackElo "1658"]
[PlyCount "97"]
[EventDate "2002.01.12"]
[EventType "swiss"]
[EventRounds "9"]
[EventCountry "GER"]
[SourceTitle "EXT 2003"]
[Source "ChessBase"]
[SourceDate "2002.11.25"]
[SourceVersion "1"]
[SourceVersionDate "2002.11.25"]
[SourceQuality "1"]

1. f4 b6 2. Nf3 Bb7 3. e3 e6 4. b3 Nf6 5. Bb2 Be7 6. Bd3 d6 7. 0-0 Nc6 8. Nc3 h6 9. a3 0-0 10. h3 d5 11. Qe1 d4 12. Nd1 dxe3 13. Nxe3 Nd5 14. Qg3 Bf6 15. Ne5 Nxe3 16. dxe3 Ne7 17. Rad1 c5 18. Bh7+ Kxh7 19. Rxd8 Raxd8 20. Qf2 Rd6 21. Nd3 Bxb2 22. Nxb2 Rfd8 23. Nc4 Rd5 24. e4 Rd4 25. e5 R8d5 26. g4 Ng6 27. Qe3 Kg8 28. f5 exf5 29. gxf5 Ne7 30. f6 Ng6 31. fxg7 Kxg7 32. Nd6 Rxe5 33. Rxf7+ Kg8 34. Qxh6 Rd1+ 35. Rf1 Rxd6 36. Rf8+ Nxf8 37. Qxd6 Rg5+ 38. Kf2 Rg6 39. Qb8 Be4 40. c3 Rg7 41. b4 cxb4 42. cxb4 Rf7+ 43. Ke3 Bf5 44. Kd2 Rd7+ 45. Kc1 Rg7 46. h4 Rg1+ 47. Kd2 Rg2+ 48. Ke3 Rg7 49. Qd8 1/2-1/2

[Event "Alpenpokal op 28th"]
[Site "Oberstdorf"]
[Date "2002.??.??"]
[Round "9"]
[White "Boehm, Karl Heinz"]
[Black "Czech, Gerhard"]
[Result "1/2-1/2"]
[WhiteElo "1681"]
[BlackElo "1658"]
[PlyCount "39"]
[EventDate "2002.01.12"]
[EventType "swiss"]
[EventRounds "9"]
[EventCountry "GER"]
[SourceTitle "EXT 2003"]
[Source "ChessBase"]
[SourceDate "2002.11.25"]
[SourceVersion "1"]
[SourceVersionDate "2002.11.25"]
[SourceQuality "1"]

1. d4 Nf6 2. c4 e6 3. Bg5 c5 4. Nc3 cxd4 5. Qxd4 Be7 6. Nf3 Nc6 7. Qd1 a6 8. e3 Ng4 9. Bxe7 Qxe7 10. a3 Nge5 11. Be2 0-0 12. 0-0 f5 13. Qd2 Nxf3+ 14. Bxf3 Ne5 15. Be2 d6 16. Rad1 Nf7 17. e4 fxe4 18. Nxe4 Rd8 19. Qe3 Qc7 20. b3 1/2-1/2

[Event "Alpenpokal op 28th"]
[Site "Oberstdorf"]
[Date "2002.??.??"]
[Round "8"]
[White "Czech, Gerhard"]
[Black "Wahl, Hedi"]
[Result "1/2-1/2"]
[WhiteElo "1658"]
[BlackElo "1436"]
[PlyCount "35"]
[EventDate "2002.01.12"]
[EventType "swiss"]
[EventRounds "9"]
[EventCountry "GER"]
[SourceTitle "EXT 2003"]
[Source "ChessBase"]
[SourceDate "2002.11.25"]
[SourceVersion "1"]
[SourceVersionDate "2002.11.25"]
[SourceQuality "1"]

1. d4 g6 2. e4 d6 3. c4 c6 4. Be3 Bg7 5. Nc3 Nf6 6. h3 0-0 7. Nf3 Nbd7 8. Bd3 e5 9. dxe5 Nxe5 10. Nxe5 dxe5 11. Qc2 Qc7 12. 0-0 Rd8 13. Rfd1 b6 14. Be2 Bb7 15. Rxd8+ Rxd8 16. Rd1 Rd7 17. Rxd7 Qxd7 18. Qd3 1/2-1/2